Thermal Properties Of Foods And Agricultural materials (Record no. 1684)

MARC details
000 -LEADER
fixed length control field 00338nam a22001337a 4500
020 ## - INTERNATIONAL STANDARD BOOK NUMBER
International Standard Book Number 9780677054506
041 ## - LANGUAGE CODE
Language code of text/sound track or separate title ENG
100 ## - MAIN ENTRY--PERSONAL NAME
Personal name Mohsenin.N .N
245 ## - TITLE STATEMENT
Title Thermal Properties Of Foods And Agricultural materials
260 ## - PUBLICATION, DISTRIBUTION, ETC. (IMPRINT)
Place of publication, distribution, etc New York
Name of publisher, distributor, etc Gordon And Breach Science Pub
Date of publication, distribution, etc 1980
300 ## - PHYSICAL DESCRIPTION
Extent 407
650 ## - SUBJECT ADDED ENTRY--TOPICAL TERM
Topical term or geographic name as entry element APE
856 ## - ELECTRONIC LOCATION AND ACCESS
Uniform Resource Identifier APE ( 03 )
Holdings
Withdrawn status Lost status Source of classification or shelving scheme Damaged status Not for loan Home library Current library Shelving location Date acquired Cost, normal purchase price Total Checkouts Barcode Date last seen Date checked out Price effective from Koha item type
    Dewey Decimal Classification     College of Agricultural Engineering and Technology, Dapoli , Library College of Agricultural Engineering and Technology, Dapoli , Library Book Cart 29/09/2021 36811.80 1 006851 19/12/2023 18/12/2023 29/09/2021 Books
    Dewey Decimal Classification     College of Agricultural Engineering and Technology, Dapoli , Library College of Agricultural Engineering and Technology, Dapoli , Library Book Cart 29/09/2021 8909.00   001949 29/09/2021   29/09/2021 Books
    Dewey Decimal Classification     College of Agricultural Engineering and Technology, Dapoli , Library College of Agricultural Engineering and Technology, Dapoli , Library Book Cart 25/10/2021 15262.50   005540 25/10/2021   25/10/2021 Books

Contact Us: College of Agricultural Engineering and Technology, Dapoli, Dist.- Ratnagiri
Website: https://dbskkv.org Email: caetlibrary2015@gmail.com